Southville International School and Colleges
Your cart is empty.
  • Cart
  • Lists
    Public lists Eva Luna New books Lux_list list_1
    Your lists Log in to create your own lists
  • Log in to your account
  • Your cookies
  • Search history
Southville International School and Colleges
  • Advanced search
  • Recent comments
  • Most popular
  • Libraries

Log in to your account

Log in with GOOGLE


If you do not have an external account, but do have a local account, you can still log in:

  1. Home
  2. MARC view: The eensy weensy spider /
Normal view MARC view ISBD view

The eensy weensy spider / (Record no. 35042)

[ view plain ]
MARC details
000 -LEADER
fixed length control field 01165cam a2200361 a 4500
003 - CONTROL NUMBER IDENTIFIER
control field OSt
005 - DATE AND TIME OF LATEST TRANSACTION
control field 20140310184522.0
008 - FIXED-LENGTH DATA ELEMENTS--GENERAL INFORMATION
fixed length control field 990324s2000 maua b 000 0 eng
010 ## - LIBRARY OF CONGRESS CONTROL NUMBER
LC control number 99025701
020 ## - INTERNATIONAL STANDARD BOOK NUMBER
International Standard Book Number 0439295165
040 ## - CATALOGING SOURCE
Original cataloging agency DLC
Transcribing agency DLC
042 ## - AUTHENTICATION CODE
Authentication code lcac
050 00 - LIBRARY OF CONGRESS CALL NUMBER
Classification number PZ 8.3
Item number .H66Ee 2001
100 1# - MAIN ENTRY--PERSONAL NAME
Personal name Hoberman, Mary Ann.
9 (RLIN) 29839
245 14 - TITLE STATEMENT
Title The eensy weensy spider /
Statement of responsibility, etc Mary Ann Hoberman ; illustrated by Nadine Bernard Westcott.
250 ## - EDITION STATEMENT
Edition statement 1st ed.
260 ## - PUBLICATION, DISTRIBUTION, ETC. (IMPRINT)
Place of publication, distribution, etc Boston, Mass. :
Name of publisher, distributor, etc Little, Brown,
Date of publication, distribution, etc 2001.
300 ## - PHYSICAL DESCRIPTION
Extent 31 p. :
Other physical details col. ill. ;
Dimensions 23 cm.
500 ## - GENERAL NOTE
General note Music and hand-motion instruction on front endpaper.
521 ## - TARGET AUDIENCE NOTE
Target audience note
526 ## - STUDY PROGRAM INFORMATION NOTE
Reading level 310
650 #0 - SUBJECT ADDED ENTRY--TOPICAL TERM
Topical term or geographic name as entry element Children's songs
Geographic subdivision United States
Form subdivision Texts.
9 (RLIN) 29840
650 #1 - SUBJECT ADDED ENTRY--TOPICAL TERM
Topical term or geographic name as entry element Spiders
Form subdivision Songs and music.
9 (RLIN) 29841
650 #1 - SUBJECT ADDED ENTRY--TOPICAL TERM
Topical term or geographic name as entry element Songs.
9 (RLIN) 22167
700 1# - ADDED ENTRY--PERSONAL NAME
Personal name Westcott, Nadine Bernard,
Relator term ill.
9 (RLIN) 29842
906 ## - LOCAL DATA ELEMENT F, LDF (RLIN)
a 7
b cbc
c orignew
d 1
e ocip
f 19
g y-gencatlg
942 ## - ADDED ENTRY ELEMENTS (KOHA)
Source of classification or shelving scheme Library of Congress Classification
Koha item type
Holdings
Withdrawn status Lost status Source of classification or shelving scheme Damaged status Home library Current library Shelving location Date acquired Total Checkouts Full call number Barcode Date last seen Copy number Price effective from Koha item type
    Library of Congress Classification   Luxembourg Library Luxembourg Library Scholastic Reading Center Section 10/16/2013   PZ 8.3 .H66Ee 2001 SCHO0759 04/18/2017 1 10/16/2013 Books
    Library of Congress Classification   Luxembourg Library Luxembourg Library Scholastic Reading Center Section 10/22/2013   PZ 8.3 .H66Ee 2001 SCHO0742 04/18/2017 2 10/22/2013 Books

The eensy weensy spider /

APA

Hoberman M. A., Westcott N. B., . (2001). The eensy weensy spider. Boston, Mass: Little, Brown.

Chicago

Hoberman Mary Ann, Westcott Nadine Bernard, . 2001. The eensy weensy spider. Boston, Mass: Little, Brown.

Harvard

Hoberman M. A., Westcott N. B., . (2001). The eensy weensy spider. Boston, Mass: Little, Brown.

MLA

Hoberman Mary Ann, Westcott Nadine Bernard, . The eensy weensy spider. Boston, Mass: Little, Brown. 2001.

  • Place hold
  • Print
  • Cite
  • Add to your cart (remove)
  • Save record
    BIBTEX Dublin Core MARCXML MARC (non-Unicode/MARC-8) MARC (Unicode/UTF-8) MARC (Unicode/UTF-8, Standard) MODS (XML) RIS
  • More searches
    Search for this title in:
    Other Libraries (WorldCat) Other Databases (Google Scholar) Online Stores (Bookfinder.com) Open Library (openlibrary.org)

Exporting to Dublin Core...

SOUTHVILLE LIBRARY

Southville International School and Colleges Library

1281 Tropical Ave. Cor. Luxembourg St., BF Homes International, Las Pinas City

Tel. No. 8256374 / 252358 Loc. 117/146

Powered by Koha